000 00353nam a2200133Ia 4500
008 240624s9999 xx 000 0 und d
041 _aeng
082 _a658.406 PHA
100 _aPHADKE UDAY
245 _aSCALE UP MANUAL HANDBOOK FOR INNOVATORS
260 _c2019
_aNew Jersey
_bWorld Scientific
300 _axxviii, 336 p.; 17 cm.
365 _c
_b33
999 _c32398
_d32398